00399nam a2200121Ia 4500008004100000245013800041260001700179260000900196300000800205650002300213650001200236856002900248170516s9999 xx 000 0 und d aComparative Tumor Imaging and PDT Efficacy of HPPH Conjugated in the Mono- and Di-Forms to Various Polymethine Cyanine Dyes: Part - 2 bTheranostics c2013 a3:9 xMedical Technology xMedtech uhttp://www.thno.org/v3i9